000 00647nam a2200193 u 4500
001 000515972
003 AM-YeHGA
005 20250617135015.0
008 060210s1976 ||| r 000 0 rus d
040 _aAM-YeHGA
041 1 _arus
_hkaz
100 1 _aАбдрахманова, Турсынхан
245 1 0 _aКлюч :
_b(Стихи) /
_cТурсынхан Абдрахманова; Пер. с казах. Т. Кузовлевой.
260 _aАлма-Ата :
_bЖазушы,
_c1976.
300 _a151 с.
653 0 _aКазахская поэзия
700 1 _aКузовлева, Татьяна
_eпер.
_4trl
090 _c193393
999 _c191923
_d191923